Normal view
MARC view
- PETER,ALIREZA
Entry Personal Name
001 - CONTROL NUMBER
- control field: 90799
003 - CONTROL NUMBER IDENTIFIER
- control field: NUST
005 - DATE AND TIME OF LATEST TRANSACTION
- control field: 20220404104203.0
008 - FIXED-LENGTH DATA ELEMENTS
- fixed length control field: 220404|| aca||aabn | a|a d
040 ## - CATALOGING SOURCE
- Original cataloging agency: NUST
- Transcribing agency: NUST
100 ## - HEADING--PERSONAL NAME
- Personal name: PETER,ALIREZA
670 ## - SOURCE DATA FOUND
- Source citation: Work cat.: (NUST): PETER,ALIREZA., APPLICATION OF SOFT COMPUTING AND INTELLIGENT METHODS IN GEOPHYSICS /, 2018.
